[Event "POL-chT U20 2nd League"]
[Site "Sypniewo"]
[Date "2025.06.22"]
[Round "5.30"]
[White "Dudek, Julia"]
[Black "Halibozek, Zofia"]
[Result "1/2-1/2"]
[WhiteElo "1505"]
[BlackElo "1608"]
[PlyCount "64"]
[EventDate "2025.06.18"]
[EventType "team-swiss"]
[EventRounds "9"]
[EventCountry "POL"]
[SourceTitle "CB27_2025"]
[SourceDate "2025.07.02"]
[SourceVersion "1"]
[SourceVersionDate "2025.07.02"]
[SourceQuality "1"]
[WhiteTeam "Tarnowskie Gory Mat"]
[BlackTeam "Gorlice Kornuty"]
[WhiteTeamCountry "POL"]
[BlackTeamCountry "POL"]

1. e4 d5 2. exd5 Qxd5 3. Nc3 Qa5 4. d4 c6 5. Nf3 Nf6 6. Ne5 Bf5 7. g4 Bg6 8. Nxg6 hxg6 9. Bd2 Qc7 10. h3 e6 11. Bg2 Nbd7 12. Qe2 Bd6 13. 0-0-0 0-0-0 14. Rhe1 Rde8 15. Ne4 Nxe4 16. Qxe4 f5 17. Qe2 Nf6 18. g5 Nh5 19. Kb1 Bf4 20. Qc4 Qd7 21. Bf1 Bxd2 22. Rxd2 Nf4 23. Qc3 Rh5 24. Qg3 Nd5 25. f4 Reh8 26. Rde2 Nc7 27. c3 Re8 28. Re5 Nd5 29. Be2 Rh7 30. Bf1 Rh5 31. Be2 Rh7 32. Bf1 Rh5 1/2-1/2